000 00604nam a2200169 i 4500
001 24796
003 ES-MaACL
007 t|
008 021218s1952 sp ||||1| spa d
100 1 _aAñorbe, Celestino de.
_922026
245 1 3 _aLa antigua provincia capuchina de Navarra y Cantabria /
_cCelestino de Añorbe.
260 _aPamplona :
_bVerdad y Caridad,
_c[1952]
300 _aXV, 447 p. ;
_c24 cm.
505 8 _aContiene: T. I: Desde los orígenes hasta la Revolución Francesa (1578-1789).
740 0 _aDesde los orígenes hasta la Revolución Francesa (1578-1789)
852 _aES-MaACL
_jE-4600
999 _c24796
_d24796